Loading...

Swathanthrya samara kathakal

Bibliographic Details
Main Author: Basheer, Vaikom Muhammed
Format: Printed Book
Published: DC books, Kottayam 1998
Subjects:
LEADER 00552nam a2200157 4500
082 |a 894.8123 BAS/S 
100 |a Basheer, Vaikom Muhammed 
245 |a Swathanthrya samara kathakal  |c Basheer, Vaikom Muhammed 
250
260 |a DC books, Kottayam  |c 1998 
300 |a 170 P 
490
650 |a Malayalam books--Mayalam short stories--Malayalam Literature--Freedom movement--Kerala history 
942 |c BK 
999 |c 188135  |d 188135 
952 |0 0  |1 0  |4 0  |6 894_812300000000000_BAS_S  |7 0  |9 201484  |a ISL  |b ISL  |l 0  |o 894.8123 BAS/S  |p ISL02439  |r 2019-10-28  |w 2019-10-28  |y BK